Principles of economics / (Record no. 52)

MARC details
000 -LEADER
fixed length control field 00853cam a22002655a 4500
008 - FIXED-LENGTH DATA ELEMENTS--GENERAL INFORMATION
fixed length control field 130915t2004 at ad frd 001 0 eng d
010 ## - LIBRARY OF CONGRESS CONTROL NUMBER
LC control number 2002111168
020 ## - INTERNATIONAL STANDARD BOOK NUMBER
International Standard Book Number 0324203098
020 ## - INTERNATIONAL STANDARD BOOK NUMBER
International Standard Book Number 9780324203097
040 ## - CATALOGING SOURCE
Original cataloging agency EG-ScBUE
Language of cataloging eng
Transcribing agency EG-ScBUE
082 04 - DEWEY DECIMAL CLASSIFICATION NUMBER
Classification number 330
Item number MAN
Edition number 22
100 1# - MAIN ENTRY--PERSONAL NAME
Personal name Mankiw, N. Gregory.
9 (RLIN) 10263
245 10 - TITLE STATEMENT
Title Principles of economics /
Statement of responsibility, etc N. Gregory Mankiw.
246 30 - VARYING FORM OF TITLE
Title proper/short title Economics
250 ## - EDITION STATEMENT
Edition statement 3rd ed.,
Remainder of edition statement International student ed.
260 ## - PUBLICATION, DISTRIBUTION, ETC. (IMPRINT)
Place of publication, distribution, etc Australia :
Name of publisher, distributor, etc Thomson / South-Western,
Date of publication, distribution, etc c.2004
Place of manufacture ([Washington])
300 ## - PHYSICAL DESCRIPTION
Extent xxxix, 848 p. :
Other physical details ill. (col.) ;
Dimensions 27 cm.
500 ## - GENERAL NOTE
General note "Mankiw principles of economics"-P. [4] of cover.
500 ## - GENERAL NOTE
General note Index : p. 835-848.
500 ## - GENERAL NOTE
General note Glossary : p. 829-834.
650 #7 - SUBJECT ADDED ENTRY--TOPICAL TERM
Topical term or geographic name as entry element Economics.
9 (RLIN) 33654
Source of heading or term BUEsh
651 ## - SUBJECT ADDED ENTRY--GEOGRAPHIC NAME
Source of heading or term BUEsh
653 ## - INDEX TERM--UNCONTROLLED
Resource For college BAEPS, Economics
Arrived date list August2015
942 ## - ADDED ENTRY ELEMENTS (KOHA)
Item type Book - Borrowing
Call number prefix 330 MAN
Source of classification or shelving scheme Dewey Decimal Classification
Holdings
Withdrawn status Item status Source of classification or shelving scheme Materials specified (bound volume or other part) Damaged status Not for loan Vendor Home library Current library Shelving location Date acquired Source of acquisition Cost, normal purchase price Total Checkouts Total Renewals Full call number Barcode Date last seen Date last borrowed Cost, replacement price Koha item type Checked out
  Lost Dewey Decimal Classification Lost_In_Inventory_12-2-2024       Central Library Central Library First floor 05/11/2013   190.00 8 6 330 MAN 000004959 24/08/2022 16/12/2018 237.50 Book - Borrowing  
    Dewey Decimal Classification         Central Library Central Library First floor 05/11/2013   190.00 15 7 330 MAN 000004961 15/07/2025 01/10/2018 237.50 Book - Borrowing  
    Dewey Decimal Classification         Central Library Central Library First floor 05/11/2016   190.00 3   330 MAN 000004963 06/09/2006   237.50 Book - Borrowing 30/03/2008
    Dewey Decimal Classification         Central Library Central Library First floor 13/11/2005   190.00 3 16 330 MAN 000004958 15/07/2025 25/02/2019 237.50 Book - Borrowing  
    Dewey Decimal Classification         Central Library Central Library First floor 13/11/2005   190.00 10   330 MAN 000004716 15/07/2025 12/03/2018 237.50 Book - Borrowing  
    Dewey Decimal Classification         Central Library Central Library First floor 13/11/2005   190.00 6 43 330 MAN 000004965 15/07/2025 26/09/2018 237.50 Book - Borrowing  
    Dewey Decimal Classification         Central Library Central Library First floor 13/11/2005   190.00 5 2 330 MAN 000004962 15/07/2025 30/04/2018 237.50 Book - Borrowing  
    Dewey Decimal Classification         Central Library Central Library First floor 07/06/2012   190.00 7 10 330 MAN 000004957 15/07/2025 09/05/2018 237.50 Book - Borrowing  
    Dewey Decimal Classification         Central Library Central Library First floor 13/11/2005   190.00 5 5 330 MAN 000004127 15/07/2025 17/10/2017 237.50 Book - Borrowing  
    Dewey Decimal Classification         Central Library Central Library First floor 31/10/2011   190.00     330 MAN 000004964 15/07/2025   237.50 NB - Book (Non borrowing)  
    Dewey Decimal Classification       Donation-Gift Central Library Central Library First floor 15/12/2013 Donation   7 17 330 MAN 000035190 15/07/2025 04/11/2019   Book - Borrowing  
    Dewey Decimal Classification       Donation-Gift Central Library Central Library First floor 15/12/2013 Donation   3 94 330 MAN 000035191 15/07/2025 16/10/2018   Book - Borrowing  
    Dewey Decimal Classification       Donation-Gift Central Library Central Library First floor 20/01/2014 Donation   7 37 330 MAN 000035345 15/07/2025 22/12/2021   Book - Borrowing  
    Dewey Decimal Classification         Central Library Central Library First floor 03/12/2017     2 19 330 MAN 000046912 15/07/2025 21/12/2021   Book - Borrowing